000 00788nam a2200253 a 4500
001 58668
003 BD-RjUL
005 20211209080639.0
008 161219s1990 bg b 000 0 eng
020 _cTk155.00
035 _a(BD-RjUL)58792
040 _aDLC
_cDLC
_dBD-RjUL
_beng
041 _aeng
082 _223
_a363.8095492
_bMOP 1990
100 1 _aMolla, Md. Gyasuddin.
_9174365
245 1 0 _aPolitics of food aid :
_bcase of Bangladesh /
_cMd. Gyasuddin Molla.
260 _aDhaka :
_bAcademic Publishers,
_cc1990.
300 _a137 p. :
_bill. ;
_c22 cm.
504 _aIncludes bibliographical references.
650 0 _aFood relief
_zBangladesh.
_9174366
650 0 _aFood supply
_xGovernment policy
_zBangladesh.
_9174367
942 _2ddc
_cBK
999 _c58668
_d58668